<?xml version="1.0" encoding="UTF-8"?><?xml-stylesheet type="text/xsl" href="static/style.xsl"?><OAI-PMH xmlns="http://www.openarchives.org/OAI/2.0/" xmlns:xsi="http://www.w3.org/2001/XMLSchema-instance" xsi:schemaLocation="http://www.openarchives.org/OAI/2.0/ http://www.openarchives.org/OAI/2.0/OAI-PMH.xsd"><responseDate>2026-04-29T22:57:52Z</responseDate><request verb="GetRecord" identifier="oai:repisalud.isciii.es:20.500.12105/7098" metadataPrefix="marc">https://repisalud.isciii.es/rest/oai/request</request><GetRecord><record><header><identifier>oai:repisalud.isciii.es:20.500.12105/7098</identifier><datestamp>2025-04-07T19:10:27Z</datestamp><setSpec>com_20.500.12105_2052</setSpec><setSpec>com_20.500.12105_2051</setSpec><setSpec>col_20.500.12105_19608</setSpec></header><metadata><record xmlns="http://www.loc.gov/MARC21/slim" xmlns:dcterms="http://purl.org/dc/terms/" xmlns:doc="http://www.lyncode.com/xoai" xmlns:xsi="http://www.w3.org/2001/XMLSchema-instance" xsi:schemaLocation="http://www.loc.gov/MARC21/slim http://www.loc.gov/standards/marcxml/schema/MARC21slim.xsd">
   <leader>00925njm 22002777a 4500</leader>
   <datafield ind2=" " ind1=" " tag="042">
      <subfield code="a">dc</subfield>
   </datafield>
   <datafield ind2=" " ind1=" " tag="720">
      <subfield code="a">Isidoro, Beatriz</subfield>
      <subfield code="e">author</subfield>
   </datafield>
   <datafield ind2=" " ind1=" " tag="720">
      <subfield code="a">Lope Carvajal, Virginia</subfield>
      <subfield code="e">author</subfield>
   </datafield>
   <datafield ind2=" " ind1=" " tag="720">
      <subfield code="a">Pedraz-Pingarrón, Carmen</subfield>
      <subfield code="e">author</subfield>
   </datafield>
   <datafield ind2=" " ind1=" " tag="720">
      <subfield code="a">Collado-García, Francisca</subfield>
      <subfield code="e">author</subfield>
   </datafield>
   <datafield ind2=" " ind1=" " tag="720">
      <subfield code="a">Santamariña, Carmen</subfield>
      <subfield code="e">author</subfield>
   </datafield>
   <datafield ind2=" " ind1=" " tag="720">
      <subfield code="a">Moreo, Pilar</subfield>
      <subfield code="e">author</subfield>
   </datafield>
   <datafield ind2=" " ind1=" " tag="720">
      <subfield code="a">Vidal, Carmen</subfield>
      <subfield code="e">author</subfield>
   </datafield>
   <datafield ind2=" " ind1=" " tag="720">
      <subfield code="a">Laso, María Soledad</subfield>
      <subfield code="e">author</subfield>
   </datafield>
   <datafield ind2=" " ind1=" " tag="720">
      <subfield code="a">García-López, Milagros</subfield>
      <subfield code="e">author</subfield>
   </datafield>
   <datafield ind2=" " ind1=" " tag="720">
      <subfield code="a">Pollan-Santamaria, Marina</subfield>
      <subfield code="e">author</subfield>
   </datafield>
   <datafield ind2=" " ind1=" " tag="260">
      <subfield code="c">2011-12-30</subfield>
   </datafield>
   <datafield ind2=" " ind1=" " tag="520">
      <subfield code="a">BACKGROUND: Measurement of obesity using self-reported anthropometric data usually involves underestimation of weight and/or overestimation of height. The dual aim of this study was, first, to ascertain and assess the validity of new cut-off points, for both overweight and obesity, using self-reported Body Mass Index furnished by women participants in breast cancer screening programmes, and second, to estimate and validate a predictive model that allows recalculate individual BMI based on self-reported data. METHODS: The study covered 2927 women enrolled at 7 breast cancer screening centres. At each centre, women were randomly selected in 2 samples, in a ratio of 2:1. The larger sample (n = 1951) was used to compare the values of measured and self-reported weight and height, to ascertain new overweight and obesity cut-off points with self-reported data, using ROC curves, and to estimate a predictive model of real BMI using a regression model. The second sample (n = 976) was used to validate the proposed cut-off points and the predictive model. RESULTS: Whereas reported prevalence of obesity was 19.8%, measured prevalence was 28.2%. The sensitivity and specificity of this classification would be maximised if the new cut-off points were 24.30 kg/m2 for overweight and 28.39 kg/m2 for obesity. The probability of classifying women correctly in their real weight categories on the basis of these points was 82.5% in the validation sample. Sensitivity and specificity for determining obesity using the new cut-off point in the validation sample were 90.0% and 92.3% respectively. The predictive model for real BMI included the self-reported BMI, age and educational level (university studies vs lower levels of education). This model succeeded in correctly classifying 90.5% of women according to BMI categories, but its performance was similar to that obtained with the new cut-off points. CONCLUSIONS: Quantification of self-reported obesity entails a considerable underestimation of this problem, thereby questioning its validity. The new cut-off points established in this study and the predictive equation both allow for more accurate estimation of these prevalences.</subfield>
   </datafield>
   <datafield ind1="8" ind2=" " tag="024">
      <subfield code="a">BMC Public Health. 2011 Dec 30;11:960.</subfield>
   </datafield>
   <datafield ind1="8" ind2=" " tag="024">
      <subfield code="a">10.1186/1471-2458-11-960</subfield>
   </datafield>
   <datafield ind1="8" ind2=" " tag="024">
      <subfield code="a">1471-2458</subfield>
   </datafield>
   <datafield ind1="8" ind2=" " tag="024">
      <subfield code="a">BMC public health</subfield>
   </datafield>
   <datafield ind1="8" ind2=" " tag="024">
      <subfield code="a">22208614</subfield>
   </datafield>
   <datafield ind1="8" ind2=" " tag="024">
      <subfield code="a">http://hdl.handle.net/20.500.12105/7098</subfield>
   </datafield>
   <datafield ind2="0" ind1="0" tag="245">
      <subfield code="a">Validation of obesity based on self-reported data in Spanish women participants in breast cancer screening programmes</subfield>
   </datafield>
</record></metadata></record></GetRecord></OAI-PMH>